000 00516nam a22001937a 4500
003 KOHA_MİRAKIL
005 20251119115922.0
008 251119b tu ||||| |||| 00| 0 tur d
020 _a9786254193224
040 _aTR-AnABB
_btur
_cTR-AnABB
041 _atur
082 _a891.73
_bGOR 2022
100 1 _aGorki, Maksim,
245 1 0 _aSürgün /
_cMaksim Gorki
260 _aAnkara :
_bDorlion Yayınları,
_c2022
300 _a143 sayfa ;
_c20 cm
650 0 4 _aRus edebiyatı, roman
942 _2ddc
_cBK
999 _c9529
_d9529
900 _bGizem YORULMAZ